[Event "Condino op 13th"]
[Site "Condino"]
[Date "2013.07.21"]
[Round "1"]
[White "De Nisi, Roberta"]
[Black "Nastro, Alessandro"]
[Result "1-0"]
[WhiteElo "1975"]
[BlackElo "1461"]
[PlyCount "58"]
[EventDate "2013.07.21"]
[EventType "swiss"]
[EventRounds "7"]
[EventCountry "ITA"]
[SourceTitle "EXT 2015"]
[Source "ChessBase"]
[SourceDate "2014.11.20"]
[SourceVersion "1"]
[SourceVersionDate "2014.11.20"]
[SourceQuality "1"]

1. d4 Nf6 2. c4 e5 3. dxe5 Ng4 4. Bf4 Nc6 5. Nf3 Bb4+ 6. Nc3 Qe7 7. Qd5 Bxc3+ 8. bxc3 Qa3 9. Rc1 Qxa2 10. h3 Nh6 11. e4 Qa5 12. c5 b6 13. Bxh6 gxh6 14. Bc4 Rf8 15. cxb6 cxb6 16. 0-0 Bb7 17. Rfd1 0-0-0 18. Qxa5 Nxa5 19. Bd5 Kb8 20. Nd4 Bxd5 21. exd5 Rfe8 22. f4 Nb7 23. Nf5 h5 24. Ng7 Rf8 25. Nxh5 Nc5 26. Nf6 Rh8 27. f5 Kb7 28. c4 a5 29. Rb1 Ka6 1-0